01739cam a22003615i 45000010009000000050017000090080041000260100017000670200018000840200015001020400028001170420008001450820020001531000051001732450117002242600058003413000035003995000024004345040041004585200370004995900011008696500026008806500036009066510010009426530024009526530024009767000042010007000062010428560092011049420023011969990017012199520141012361851653320161024102007.0150305s2015 nyua fr 001 0 eng d a 2015935255 a9780198723073 a0198723075 aDLCbengcDLCdEG-ScBUE apcc 222a332.7 bHAH1 a Hahn, L. Albert,‏ ‎d1889-1968‏ 94160210aEconomic theory of bank credit /cL. Albert Hahn ; translated by Clemens Matt ; introduction by Harald Hagemann. aOxford ;aNew York :bOxford University Press,c2015. axlii, 195 p. :bill. ;c22 cm. aIndex : p. 189-195. aIncludes bibliographical references. aEconomic Theory of Bank Credit' is a clear exposition of a theory of credit, standing in the tradition of Harley Withers, Henry Macleod, and Knut Wicksell. A theory of credit recognises that banks are not only intermediaries of savings but in fact create money themselves. This idea is paired with a detailed accountof the technical processes of the banking sector. aWessam 7aCredit.2BUEsh932160 7aBanks and banking.2BUEsh95607 2BUEsh bBUSECOcOctober2016 bBUSADMcOctober20161 aMatt, Clemens‏ etranslator.9416001 aHagemann, Harald‏ eauthor of introduction, etc.941601413Table of contents onlyuhttp://www.loc.gov/catdir/enhancements/fy1604/2015935255-t.html 2ddce22k332.7 HAH c22810d22782 00102ddc40708BaccahaMAINbMAINc1STd2016-10-24ePurchaseg750.00h25846l0o332.7 HAHp000033952r2025-07-15 00:00:00v937.50yBB